| 000 | 00607nam a2200217Ia 4500 | ||
|---|---|---|---|
| 005 | 20250923145531.0 | ||
| 008 | 008 250917s9999 xx 000 0 eng d | ||
| 037 | _aTextual | ||
| 040 |
_aDSWL _beng _cDSWL |
||
| 041 |
_aeng _2eng |
||
| 084 |
_aL7:4:691, N80 _qDSWL |
||
| 100 |
_aMechanic, David _9836313 |
||
| 245 | 0 |
_aMental health and social policy _c by David Mechanic |
|
| 250 | _a2nd | ||
| 260 |
_aNew Jersey _b Prentice Hall Inc. _c1980 |
||
| 300 | _axii,236 p. | ||
| 365 |
_aINR _b80.81 |
||
| 925 | _g80.81 | ||
| 942 |
_cTEXL _hL7:4:691, N80 |
||
| 999 |
_c1452550 _d1452550 |
||